000 00538nmm a2200193Ia 4500
008 251105s9999||||xx |||||||||||||||||und||
020 _a9788433975423
041 _aspa
100 _aZulaika, Jaime
245 0 _aUn adúltero americano
264 _a[Madrid, España] :
_bEditorial Anagrama,
_c2010
300 _a251 páginas
490 _aPanorama de narrativas
650 _aEnglish Narrative
700 _aZulaika, Jaime
700 1 _a Mercurio, Jed
856 _uhttps://public.digitaliapublishing.com/a/39522
942 _cCF
999 _c72877
_d72877